000 00744nam a2200217 a 4500
001 000044436
005 20201002045355.0
008 140630s1975 sp 000 0 spa d
020 _a8425001889
020 _a8425001889
040 _aDO-SdBNP
_bspa
_cBNPHU
082 _axxxx
_bxxxx
100 1 _aDurozoi, Gérard
_972446
245 1 0 _aArtaud, la enajenación y la locura /
_cGerard Durozoi ; traducción: José Delor.
260 _aMadrid :
_bGuadarrama,
_c1975.
300 _a259 p. ;
_c18 cm.
490 1 _aUniversitaria de bolsillo Punto Omega
_aLiteratura moderna
_v188
504 _aBibliografía : p. 233-255
700 1 2 _aDelor, José
_etr.
_972447
830 0 _aUniversitaria de bolsillo Punto Omega ;
_pLiteratura moderna
_n188
_972448
999 _c43925
_d43925